Szczegóły MARC21

Lauter Einzelfälle : Bekanntes und Unbekanntes zur neueren österreichischen Literatur /

003 -Nazwa inst., której nr kontr. jest w polu 001 [,]
    • @
    • Nazwa instytucji, której n kontrolny jest w polu 001
    • NUKAT
005 -DATA I CZAS OSTATNIEJ MODYFIKACJI [,]
    • @
    • pole kontrolne
    • 20241231114220.0
020 -Międzynarod. znormalizowany nr książki - ISBN [ , ]
    • a
    • Numer ISBN
    • 3906756297 Find
040 -Instytucja sporządzająca opis [ , ]
    • a
    • Instytucja, która sporządziła opis (NP)
    • KAT U/46MM
    • c
    • Instytucja, która sporządziła rekord (NP)
    • KAT U/46MMs
    • d
    • Instytucja, która zmodyfikowała rekord (P)
    • KAT U/41BM
942 -Rodzaj dokumentu [ , ]
    • c
    • Rodzaj dokumentu
    • Książka
245 -Strefa tytułu i oznaczenia odpowiedzialności [0,0]
    • a
    • Tytuł
    • Lauter Einzelfälle : Find
    • b
    • Ciąg dalszy tytułu (NP)
    • Bekanntes und Unbekanntes zur neueren österreichischen Literatur / Find
    • c
    • Pozostałe elementy strefy tytułu i oznaczenia odpowiedzialności (NP)
    • hrsg. von Karlheinz F. Auckenthaler.
260 -Strefa adresu wydawniczego [ , ]
    • a
    • Miejsce wydania (P)
    • Bern [etc.] :
    • b
    • Nazwa wydawcy (P)
    • Peter Lang,
    • c
    • Data wydania (P)
    • 1996.
300 -Strefa opisu fizycznego [ , ]
    • a
    • Określenie formy książki i/lub objętość (NP)
    • 526 s. ;
    • c
    • Format (NP)
    • 22 cm.
336 -Typ zawartości [ , ]
    • a
    • Termin opisujący typ zawartości
    • Tekst
    • b
    • Kod określający zawartość
    • txt
    • 2
    • Źródło (terminu i kodu)
    • rdacontent
337 -Typ mediów [ , ]
    • a
    • Tryb odtwarzania
    • Bez urządzenia pośredniczącego
    • b
    • Kod typu mediów
    • n
    • 2
    • Źródło (terminu i kodu)
    • rdamedia
338 -Typ/rodzaj nośnika [ , ]
    • a
    • Hasło opisujące typ nośnika
    • Wolumin
    • b
    • Kod typu nośnika
    • nc
    • 2
    • Źródło (terminu i kodu)
    • rdacarrier
490 -Strefa serii i książki wielotomowej - forma nie do wyszukiwania [1, ]
    • a
    • Tytuł (P)
    • New Yorker Beiträge zur Österreichischen Literaturgeschichte, Find
    • x
    • ISSN (NP)
    • 0945-4047 ;
    • v
    • Numeracja (P)
    • Bd. 5
830 -Hasło dodatkowe serii i opisu książki wielotomowej - tytuł ujednolicony/tytuł [ ,0]
    • a
    • Tytuł ujednolicony/tytuł (NP)
    • New Yorker Beiträge zur Österreichischen Literaturgeschichte
    • x
    • ISSN
    • 0945-4047
    • v
    • Oznaczenie tomu (NP)
    • Bd. 5
    • 9
    • KHW
    • 420740
504 -Uwaga dot. bibliogr. załącznikowej [ , ]
    • a
    • Uwaga dot. bibliografii załącznikowej
    • Bibliogr. przy art.
080 -Uniwersalna Klasyfikacja Dziesiętna [ , ]
    • a
    • Symbol klasyfikacji
    • 830(436)(091)(082.1)=30
650 -Hasło przedmiotowe [ ,7]
    • a
    • Hasło przedmiotowe
    • Literatura austriacka
    • y
    • Określnik chronologiczny
    • 19 w.
    • x
    • Określnik rzeczowy
    • historia i krytyka.
    • 2
    • Źródło terminu
    • kaba
    • 9
    • KHW
    • 470276
650 -Hasło przedmiotowe [ ,7]
    • a
    • Hasło przedmiotowe
    • Literatura austriacka
    • y
    • Określnik chronologiczny
    • 20 w.
    • x
    • Określnik rzeczowy
    • historia i krytyka.
    • 2
    • Źródło terminu
    • kaba
    • 9
    • KHW
    • 364488
980 -Symbol UKD [ , ]
    • a
    • UKD
    • 830(436)(091)(082.1)=30
700 -Hasło dodatkowe - nazwa osobowa [1, ]
    • a
    • Nazwa osobowa (NP)
    • Auckenthaler, Karlheinz Find
    • d
    • Daty biograficzne (NP)
    • (1957- ).
    • e
    • Określenie rodzaju współpracy
    • Red.
    • 9
    • KHW
    • 648200
920 -ISBN [ , ]
    • a
    • ISBN
    • 3-906756-29-7 Find
Data inwentaryzacji Lokalizacja Status udost. Numer inwentarzowy Sygnatura
2001-05-07BM1G.15558GERM. Literatura austriacka 09